000 00403nam a2200181Ia 4500
005 20250423095210.0
008 250422s9999 xx 000 0 und d
020 _a978-978-51957
050 _aKP 84.5 J5/
100 _aJide olakanmi & Co.
245 0 _aEncyclopaedIC Tax Laws
260 _aAbuja
260 _bLaw LORD
260 _c2015
300 _a850 p
650 _atax law
942 _cBK
999 _c29544
_d29544